Vista normal
Vista MARC
Entrada Topical Term
Número de registros utilizados en: 1
001 - CONTROL NUMBER
- control field: 10913
003 - CONTROL NUMBER IDENTIFIER
- control field: OSt
005 - DATE AND TIME OF LATEST TRANSACTION
- control field: 20200928114358.0
008 - FIXED-LENGTH DATA ELEMENTS
- fixed length control field: 200928|| aca||aabn | a|a d
040 ## - CATALOGING SOURCE
- Original cataloging agency: OSt
- Transcribing agency: OSt
150 ## - HEADING--TOPICAL TERM
- Topical term or geographic name entry element: Historia económica Colombiana
670 ## - SOURCE DATA FOUND
- Source citation: Work cat.: (OSt)6290: Fundacion Cerrejón para el Fortalecimiento Institucional de la Guajira 10912, El departamento de la Guajira : , 2010